Представление документа в формате MARC21

Поле Инд. ПП Название Значение
Тип записи a
Библиографический уровень m
001 Контрольный номер RU/IS/BASE/225375416
005 Дата корректировки 20160419092743.0
020 00 a ISBN 5-86975-009-1
c Цена, тираж 1600-00
084 a Индекс другой классификации/Индекс ББК 63.3(2)631
090 a Полочн. индекс 63.3(2)6
x Авторский знак К 72
100 10 a Автор Костюкевич В. Ф.
245 00 a Заглавие Грани позднего сталинизма (1945-1953)
c Ответственность Мурман. обл. науч.-метод. центр системы образования
260 00 a Место издания Мурманск
c Дата издания 1994
300 00 a Объем 69 с.
650 00 a Основная рубрика СССР-История, 1945-1953
653 00 a Ключевые слова История СССР
a Ключевые слова Политические репрессии
a Ключевые слова Сталинизм
700 10 a Другие авторы Романовский Н. В.
901 t Тип документа m